[Event "Team men PL"]
[Site "Sochi"]
[Date "2020.11.28"]
[Round "9.4"]
[White "Sakaev, Konstantin"]
[Black "Zvjaginsev, Vadim"]
[Result "1/2-1/2"]
[BlackElo "2602"]
[WhiteElo "2612"]
[LiveChessVersion "1.4.8"]

1.d4 {[%clk 1:30:55]} d5 {[%clk 1:30:55]} 2.c4 {[%clk 1:31:15]}
e6 {[%clk 1:31:18]} 3.Nf3 {[%clk 1:31:32]} a6 {[%clk 1:31:30]}
4.Bg5 {[%clk 1:31:20]} Nf6 {[%clk 1:31:35]} 5.Nbd2 {[%clk 1:25:34]}
c5 {[%clk 1:28:10]} 6.cxd5 {[%clk 1:21:49]} exd5 {[%clk 1:27:11]}
7.g3 {[%clk 0:54:02]} cxd4 {[%clk 1:11:36]} 8.Bg2 {[%clk 0:49:19]}
h6 {[%clk 1:08:36]} 9.Bxf6 {[%clk 0:48:37]} Qxf6 {[%clk 1:09:01]}
10.O-O {[%clk 0:48:56]} Be7 {[%clk 1:08:25]} 11.Nb3 {[%clk 0:48:15]}
O-O {[%clk 1:08:25]} 12.Nfxd4 {[%clk 0:46:46]} Rd8 13.e3 {[%clk 0:41:10]}
Nc6 {[%clk 1:04:58]} 14.Rc1 {[%clk 0:41:30]} Ne5 {[%clk 1:04:09]}
15.h3 {[%clk 0:36:36]} g6 {[%clk 0:58:35]} 16.Nc5 {[%clk 0:33:50]}
Nc6 {[%clk 0:54:12]} 17.Ncb3 {[%clk 0:29:12]} Ne5 {[%clk 0:52:37]}
18.Nc5 {[%clk 0:29:23]} Nc6 {[%clk 0:53:02]} 19.Ncb3 {[%clk 0:29:35]}
Ne5 {[%clk 0:53:27]} 20.Nc5 {[%clk 0:29:56]} Nc6 {[%clk 0:53:53]}
21.Ncb3 1/2-1/2

[Event "Team men PL"]
[Site "Sochi"]
[Date "2020.11.28"]
[Round "9.5"]
[White "Potkin, Vladimir"]
[Black "Khairullin, Ildar"]
[Result "1/2-1/2"]
[BlackElo "2618"]
[WhiteElo "2583"]
[LiveChessVersion "1.4.8"]

1.d4 {[%clk 1:30:56]} Nf6 {[%clk 1:30:05]} 2.Nc3 {[%clk 1:31:01]}
d5 {[%clk 1:29:47]} 3.Bf4 {[%clk 1:31:21]} Bf5 {[%clk 1:19:47]}
4.e3 {[%clk 1:30:29]} e6 {[%clk 1:17:18]} 5.Bd3 {[%clk 1:30:50]}
Bg6 {[%clk 1:08:47]} 6.h4 {[%clk 1:30:13]} Bd6 {[%clk 0:54:03]}
7.h5 {[%clk 1:28:57]} Bxd3 {[%clk 0:54:29]} 8.Qxd3 {[%clk 1:29:20]}
Nbd7 {[%clk 0:52:33]} 9.Nf3 {[%clk 1:14:32]} h6 {[%clk 0:51:06]}
10.O-O-O {[%clk 1:12:58]} Qe7 {[%clk 0:31:30]} 11.Kb1 {[%clk 1:02:12]}
O-O-O {[%clk 0:25:57]} 12.Bxd6 {[%clk 0:49:09]} Qxd6 {[%clk 0:26:24]}
13.e4 {[%clk 0:47:42]} dxe4 {[%clk 0:26:03]} 14.Nxe4 {[%clk 0:48:09]}
Qd5 {[%clk 0:20:28]} 15.Nxf6 {[%clk 0:28:52]} Nxf6 {[%clk 0:17:34]}
16.Ne5 {[%clk 0:19:19]} Rhf8 {[%clk 0:17:54]} 17.Qg3 {[%clk 0:17:53]}
Ne4 {[%clk 0:18:20]} 18.Qf4 {[%clk 0:18:18]} Nd6 {[%clk 0:18:04]}
19.f3 {[%clk 0:16:32]} Nc4 {[%clk 0:15:30]} 20.Rhe1 {[%clk 0:16:25]}
Nxe5 {[%clk 0:14:58]} 21.Rxe5 {[%clk 0:16:51]} Qd6 {[%clk 0:15:21]}
22.Qe3 {[%clk 0:15:35]} Rd7 {[%clk 0:10:41]} 23.c3 {[%clk 0:13:30]}
Rfd8 {[%clk 0:10:20]} 24.Re1 {[%clk 0:12:19]} Qf8 {[%clk 0:06:54]}
25.f4 {[%clk 0:10:36]} Rd5 {[%clk 0:07:21]} 26.a3 {[%clk 0:06:48]}
b6 {[%clk 0:07:06]} 27.f5 {[%clk 0:05:44]} Rxe5 {[%clk 0:05:38]}
28.Qxe5 {[%clk 0:05:59]} Rd5 {[%clk 0:05:56]} 29.Qe4 {[%clk 0:06:19]}
Qd6 {[%clk 0:06:07]} 30.g4 {[%clk 0:04:27]} exf5 {[%clk 0:03:52]}
31.gxf5 {[%clk 0:04:56]} Qd8 {[%clk 0:02:07]} 32.Rf1 {[%clk 0:00:56]}
c6 {[%clk 0:01:56]} 33.Re1 {[%clk 0:00:36]} Qf6 {[%clk 0:01:09]}
34.Qe8+ {[%clk 0:00:59]} Rd8 {[%clk 0:01:29]} 35.Qe4 {[%clk 0:01:17]}
Rd5 {[%clk 0:01:47]} 36.Qe8+ {[%clk 0:01:29]} Rd8 {[%clk 0:02:14]}
37.Qe4 {[%clk 0:00:41]} Rd5 1/2-1/2

[Event "Team men PL"]
[Site "Sochi"]
[Date "2020.11.28"]
[Round "9.6"]
[White "Shimanov, Aleksandr"]
[Black "Kornev, Alexei"]
[Result "1-0"]
[BlackElo "2515"]
[WhiteElo "2593"]
[LiveChessVersion "1.4.8"]

1.e4 {[%clk 1:30:48]} c5 {[%clk 1:30:44]} 2.Nc3 {[%clk 1:30:08]}
a6 {[%clk 1:31:01]} 3.d4 {[%clk 1:29:53]} cxd4 {[%clk 1:31:18]}
4.Qxd4 {[%clk 1:30:17]} Nc6 {[%clk 1:30:34]} 5.Qe3 {[%clk 1:30:35]}
g6 {[%clk 1:29:44]} 6.Bd2 {[%clk 1:30:29]} Bg7 {[%clk 1:29:50]}
7.O-O-O {[%clk 1:30:39]} d6 {[%clk 1:28:49]} 8.Nd5 {[%clk 1:29:39]}
Nf6 {[%clk 1:26:53]} 9.Bc3 {[%clk 1:29:46]} O-O {[%clk 1:21:24]}
10.Nxf6+ {[%clk 1:28:53]} Bxf6 {[%clk 1:20:54]} 11.Bxf6 {[%clk 1:14:45]}
exf6 {[%clk 1:19:57]} 12.Bc4 {[%clk 1:15:06]} Ne5 {[%clk 1:17:00]}
13.Bb3 {[%clk 1:12:29]} a5 {[%clk 1:07:55]} 14.a3 {[%clk 1:09:56]}
Be6 {[%clk 1:04:38]} 15.Ne2 {[%clk 1:08:23]} a4 {[%clk 0:50:57]}
16.Bd5 {[%clk 1:07:27]} Qc7 {[%clk 0:47:38]} 17.Nc3 {[%clk 1:04:34]}
Rfc8 {[%clk 0:41:14]} 18.f4 {[%clk 1:03:48]} Nd7 {[%clk 0:37:35]}
19.Rd2 {[%clk 0:58:59]} Ra5 {[%clk 0:29:15]} 20.Bxe6 {[%clk 0:46:13]}
fxe6 {[%clk 0:29:41]} 21.Rhd1 {[%clk 0:46:40]} Ra6 {[%clk 0:25:12]}
22.Kb1 {[%clk 0:45:22]} Qc6 {[%clk 0:23:24]} 23.Qd4 {[%clk 0:36:26]}
Nc5 {[%clk 0:17:44]} 24.Qxf6 {[%clk 0:34:42]} Rf8 {[%clk 0:18:06]}
25.Qd4 {[%clk 0:21:20]} Rxf4 {[%clk 0:17:49]} 26.Qe3 {[%clk 0:19:04]}
Rxe4 {[%clk 0:15:23]} 27.Nxe4 {[%clk 0:19:22]} Nxe4 {[%clk 0:15:36]}
28.Rd4 {[%clk 0:19:21]} d5 {[%clk 0:15:51]} 29.Rxe4 {[%clk 0:18:56]}
dxe4 {[%clk 0:16:12]} 30.Rd8+ {[%clk 0:19:20]} Kg7 {[%clk 0:16:32]}
31.Qf4 {[%clk 0:19:20]} Qc5 {[%clk 0:14:09]} 32.Rd7+ {[%clk 0:19:43]} 1-0

[Event "Team men PL"]
[Site "Sochi"]
[Date "2020.11.28"]
[Round "9.7"]
[White "Triapishko, Alexandr"]
[Black "Lobanov, Sergei"]
[Result "1/2-1/2"]
[BlackElo "2522"]
[WhiteElo "2506"]
[LiveChessVersion "1.4.8"]

1.d4 {[%clk 1:30:57]} Nf6 {[%clk 1:30:51]} 2.Bg5 {[%clk 1:31:15]}
Ne4 {[%clk 1:29:52]} 3.Bf4 {[%clk 1:31:35]} d5 {[%clk 1:29:53]}
4.e3 {[%clk 1:31:56]} c5 {[%clk 1:29:53]} 5.Bd3 {[%clk 1:32:19]}
Nc6 {[%clk 1:30:03]} 6.Bxe4 {[%clk 1:32:20]} dxe4 {[%clk 1:30:27]}
7.d5 {[%clk 1:32:40]} g5 {[%clk 1:30:53]} 8.Bxg5 {[%clk 1:32:54]}
Bg7 {[%clk 1:31:08]} 9.Nc3 {[%clk 1:33:15]} Bxc3+ {[%clk 1:29:12]}
10.bxc3 {[%clk 1:31:46]} Na5 {[%clk 1:23:41]} 11.Bf4 {[%clk 1:30:10]}
Rg8 {[%clk 1:11:43]} 12.Qh5 {[%clk 1:21:09]} h6 {[%clk 1:12:03]}
13.Ne2 {[%clk 0:43:00]} Nc4 {[%clk 1:02:17]} 14.Qxh6 {[%clk 0:24:25]}
Qxd5 {[%clk 0:52:48]} 15.Rd1 {[%clk 0:23:09]} Qe6 {[%clk 0:51:49]}
16.Qxe6 {[%clk 0:18:26]} Bxe6 {[%clk 0:51:26]} 17.Ng3 {[%clk 0:17:32]}
f5 {[%clk 0:43:51]} 18.h4 {[%clk 0:15:54]} Kf7 {[%clk 0:35:34]}
19.f3 {[%clk 0:05:30]} exf3 {[%clk 0:22:56]} 20.gxf3 {[%clk 0:05:52]}
b6 {[%clk 0:22:19]} 21.Kf2 {[%clk 0:05:22]} Rad8 {[%clk 0:15:09]}
22.e4 {[%clk 0:02:54]} fxe4 {[%clk 0:15:35]} 23.Nxe4 {[%clk 0:02:52]}
Bf5 {[%clk 0:16:03]} 24.Rxd8 {[%clk 0:01:22]} Rxd8 {[%clk 0:16:32]}
25.Bc1 {[%clk 0:00:36]} Nd6 {[%clk 0:13:26]} 26.Ng5+ {[%clk 0:00:34]}
Kf6 {[%clk 0:13:47]} 27.h5 {[%clk 0:00:33]} Bxc2 {[%clk 0:13:19]}
28.h6 {[%clk 0:00:58]} Rh8 {[%clk 0:13:08]} 29.Re1 {[%clk 0:00:32]}
Bf5 {[%clk 0:11:06]} 30.Ne4+ {[%clk 0:00:33]} Bxe4 {[%clk 0:08:39]}
31.fxe4 Nf7 32.Rh1 {[%clk 0:01:07]} Kg6 {[%clk 0:07:31]} 33.Rg1+
{[%clk 0:01:32]} Kf6 {[%clk 0:07:57]} 34.Rh1 {[%clk 0:01:59]}
Kg6 {[%clk 0:05:39]} 35.Rg1+ {[%clk 0:02:25]} Kf6 {[%clk 0:06:03]}
36.Rh1 {[%clk 0:02:52]} Kg6 {[%clk 0:06:29]} 37.Rg1+ {[%clk 0:03:19]}
Kf6 {[%clk 0:06:56]} 38.Rh1 {[%clk 0:03:46]} Kg6 {[%clk 0:07:22]}
39.Rg1+ {[%clk 0:04:14]} Kf6 {[%clk 0:07:47]} 40.Rh1 {[%clk 0:34:42]}
Kg6 {[%clk 0:38:13]} 1/2-1/2

[Event "Team men PL"]
[Site "Sochi"]
[Date "2020.11.28"]
[Round "9.8"]
[White "Shubin, Kirill"]
[Black "Kardashevskiy, Evgeny"]
[Result "1/2-1/2"]
[BlackElo "2436"]
[WhiteElo "2441"]
[LiveChessVersion "1.4.8"]

1.e4 {[%clk 1:30:58]} e5 {[%clk 1:30:46]} 2.Nf3 {[%clk 1:31:25]}
Nf6 {[%clk 1:31:04]} 3.Nxe5 {[%clk 1:31:51]} d6 {[%clk 1:31:20]}
4.Nf3 {[%clk 1:32:18]} Nxe4 {[%clk 1:31:38]} 5.d4 {[%clk 1:32:44]}
d5 {[%clk 1:31:47]} 6.Bd3 {[%clk 1:33:11]} Bd6 {[%clk 1:31:46]}
7.O-O {[%clk 1:33:29]} O-O {[%clk 1:32:02]} 8.c4 {[%clk 1:33:57]}
c6 {[%clk 1:31:54]} 9.Nc3 {[%clk 1:34:22]} Nxc3 {[%clk 1:31:37]}
10.bxc3 {[%clk 1:34:50]} dxc4 {[%clk 1:31:52]} 11.Bxc4 {[%clk 1:35:16]}
Bf5 {[%clk 1:32:00]} 12.Bg5 {[%clk 1:35:40]} Qa5 {[%clk 1:31:35]}
13.d5 {[%clk 1:36:05]} Be4 {[%clk 1:17:45]} 14.dxc6 {[%clk 1:36:27]}
Bxf3 {[%clk 1:14:21]} 15.Qxf3 {[%clk 1:36:54]} Nxc6 {[%clk 1:14:26]}
16.Bd5 {[%clk 1:37:20]} Qc7 {[%clk 1:08:28]} 17.h3 {[%clk 1:32:13]}
Rac8 {[%clk 1:06:41]} 18.Rad1 {[%clk 1:29:23]} b6 {[%clk 0:55:03]}
19.Rfe1 {[%clk 1:25:25]} Ne5 {[%clk 0:53:35]} 20.Qf5 {[%clk 1:25:37]}
Ng6 {[%clk 0:44:41]} 21.c4 {[%clk 1:16:46]} Bh2+ {[%clk 0:38:11]}
22.Kh1 {[%clk 1:13:39]} Bf4 {[%clk 0:38:10]} 23.Re4 {[%clk 1:08:36]}
Bxg5 {[%clk 0:37:35]} 24.Qxg5 {[%clk 1:09:00]} Rfe8 {[%clk 0:37:10]}
25.Rde1 {[%clk 1:09:12]} Rxe4 {[%clk 0:35:29]} 26.Rxe4 {[%clk 1:09:36]}
Qd7 {[%clk 0:33:35]} 27.Qe3 {[%clk 1:07:28]} Kf8 {[%clk 0:32:54]}
28.Qa3+ {[%clk 1:07:25]} Kg8 {[%clk 0:33:09]} 29.Qe3 {[%clk 1:07:51]}
Kf8 {[%clk 0:33:32]} 30.Qa3+ {[%clk 1:08:20]} Kg8 {[%clk 0:33:57]}
31.Qe3 {[%clk 1:08:46]} Kf8 {[%clk 0:34:22]} 32.Qa3+ {[%clk 1:09:13]} 1/2-1/2

[Event "Team men PL"]
[Site "Sochi"]
[Date "2020.11.28"]
[Round "9.9"]
[White "Truskavetsky, Alexandr"]
[Black "Pershin, Denis"]
[Result "0-1"]
[BlackElo "2387"]
[WhiteElo "2399"]
[LiveChessVersion "1.4.8"]

1.d4 {[%clk 1:30:54]} Nf6 {[%clk 1:30:53]} 2.Nf3 {[%clk 1:31:14]}
d5 {[%clk 1:31:16]} 3.g3 {[%clk 1:31:16]} g6 {[%clk 1:30:23]}
4.Bg2 {[%clk 1:31:32]} Bg7 {[%clk 1:30:47]} 5.O-O {[%clk 1:31:56]}
O-O {[%clk 1:31:14]} 6.c4 {[%clk 1:32:16]} c6 {[%clk 1:31:35]}
7.b3 {[%clk 1:32:24]} dxc4 {[%clk 1:31:48]} 8.bxc4 {[%clk 1:32:47]}
c5 {[%clk 1:32:13]} 9.Bb2 {[%clk 1:33:05]} Qb6 {[%clk 1:22:39]}
10.Qc1 {[%clk 1:32:58]} cxd4 {[%clk 1:18:47]} 11.Nxd4 {[%clk 1:33:21]}
Nc6 {[%clk 1:13:54]} 12.Nxc6 {[%clk 1:28:30]} bxc6 {[%clk 1:14:19]}
13.Nd2 {[%clk 1:28:42]} Be6 {[%clk 1:02:53]} 14.Bc3 {[%clk 1:26:41]}
Qc5 {[%clk 1:00:20]} 15.Rb1 {[%clk 1:20:50]} Rab8 {[%clk 1:00:28]}
16.Rb3 {[%clk 1:20:15]} Nd7 {[%clk 0:55:59]} 17.Bxg7 {[%clk 0:44:59]}
Kxg7 {[%clk 0:56:16]} 18.Qb2+ {[%clk 0:41:32]} Kg8 {[%clk 0:54:11]}
19.Rc1 {[%clk 0:40:58]} a5 {[%clk 0:32:23]} 20.Ne4 {[%clk 0:30:38]}
Rxb3 {[%clk 0:32:23]} 21.axb3 {[%clk 0:29:29]} Qb4 {[%clk 0:31:35]}
22.Ng5 {[%clk 0:23:18]} Nc5 {[%clk 0:30:24]} 23.Nxe6 {[%clk 0:13:39]}
fxe6 {[%clk 0:30:49]} 24.Qe5 {[%clk 0:12:28]} Rf5 {[%clk 0:29:47]}
25.Qc7 {[%clk 0:07:42]} Nxb3 {[%clk 0:29:08]} 26.Rd1 {[%clk 0:07:24]}
a4 {[%clk 0:25:55]} 27.Bh3 {[%clk 0:05:52]} Rf6 {[%clk 0:25:33]}
28.Qc8+ {[%clk 0:05:33]} Kg7 {[%clk 0:24:14]} 29.Bxe6 {[%clk 0:05:34]}
Qc5 {[%clk 0:23:07]} 30.e3 {[%clk 0:05:32]} a3 {[%clk 0:23:08]}
31.Qg8+ {[%clk 0:02:05]} Kh6 {[%clk 0:23:32]} 32.h4 {[%clk 0:02:29]}
Qh5 {[%clk 0:21:29]} 33.Rf1 {[%clk 0:00:51]} g5 {[%clk 0:19:02]}
34.f4 {[%clk 0:00:38]} gxf4 {[%clk 0:17:58]} 35.exf4 {[%clk 0:00:34]}
Qg6 {[%clk 0:18:04]} 36.g4 {[%clk 0:00:41]} Qxg8 {[%clk 0:17:46]}
37.g5+ {[%clk 0:00:37]} Kh5 {[%clk 0:17:31]} 38.Bxg8 {[%clk 0:01:00]}
Rf8 {[%clk 0:17:56]} 39.Bxh7 {[%clk 0:00:33]} a2 {[%clk 0:18:19]}
40.g6 {[%clk 0:30:59]} Kh6 {[%clk 0:48:41]} 0-1

[Event "Team men PL"]
[Site "Sochi"]
[Date "2020.11.28"]
[Round "9.11"]
[White "Linker, Mikhail"]
[Black "Askerov, Marat"]
[Result "1-0"]
[BlackElo "2338"]
[WhiteElo "2269"]
[LiveChessVersion "1.4.8"]

1.Nf3 {[%clk 1:30:44]} Nf6 {[%clk 1:30:54]} 2.c4 {[%clk 1:30:43]}
c5 {[%clk 1:31:18]} 3.g3 {[%clk 1:30:56]} b6 {[%clk 1:31:44]}
4.Bg2 {[%clk 1:31:16]} Bb7 {[%clk 1:32:09]} 5.Nc3 {[%clk 1:31:37]}
g6 {[%clk 1:32:03]} 6.O-O {[%clk 1:30:45]} Bg7 {[%clk 1:32:28]}
7.b3 {[%clk 1:28:05]} Ne4 {[%clk 1:16:22]} 8.Qc2 {[%clk 1:27:11]}
Nxc3 {[%clk 1:16:29]} 9.dxc3 {[%clk 1:27:38]} d6 {[%clk 1:14:31]}
10.e4 {[%clk 1:21:11]} Nd7 {[%clk 1:14:28]} 11.Re1 {[%clk 1:17:14]}
O-O {[%clk 1:08:09]} 12.Bd2 {[%clk 1:15:51]} Qc7 {[%clk 1:08:11]}
13.Rad1 {[%clk 1:15:51]} Bc6 {[%clk 1:07:03]} 14.Nh4 {[%clk 0:56:40]}
Qb7 {[%clk 1:03:53]} 15.h3 {[%clk 0:53:49]} a6 {[%clk 1:03:02]}
16.a4 {[%clk 0:53:52]} Rfb8 {[%clk 0:58:39]} 17.b4 {[%clk 0:49:00]}
Qc7 {[%clk 0:56:20]} 18.b5 {[%clk 0:47:34]} Bb7 {[%clk 0:56:25]}
19.f4 {[%clk 0:39:36]} Ra7 {[%clk 0:54:10]} 20.Bf3 {[%clk 0:35:15]}
Rba8 {[%clk 0:52:41]} 21.Bc1 {[%clk 0:35:08]} axb5 {[%clk 0:52:43]}
22.axb5 {[%clk 0:35:33]} Ra4 {[%clk 0:37:13]} 23.Qd3 {[%clk 0:35:07]}
Nf8 {[%clk 0:33:28]} 24.Ng2 {[%clk 0:30:41]} h5 {[%clk 0:24:00]}
25.Ne3 {[%clk 0:27:44]} Qd7 {[%clk 0:23:47]} 26.Bg2 {[%clk 0:26:14]}
R8a7 {[%clk 0:23:41]} 27.Re2 {[%clk 0:25:20]} Ra1 {[%clk 0:17:33]}
28.Kh2 {[%clk 0:23:25]} Qd8 {[%clk 0:15:09]} 29.Nd5 {[%clk 0:11:53]}
e6 {[%clk 0:15:02]} 30.Ne3 {[%clk 0:12:13]} h4 {[%clk 0:11:18]}
31.Ng4 {[%clk 0:09:00]} f5 {[%clk 0:08:10]} 32.exf5 {[%clk 0:07:07]}
gxf5 {[%clk 0:06:05]} 33.Bxb7 {[%clk 0:06:47]} Rxb7 {[%clk 0:04:54]}
34.Ne5 {[%clk 0:06:59]} Qc7 {[%clk 0:03:46]} 35.Nc6 {[%clk 0:07:05]}
Bf6 {[%clk 0:03:24]} 36.Rg2 {[%clk 0:07:00]} Qf7 {[%clk 0:01:21]}
37.gxh4+ Kh7 38.h5 {[%clk 0:04:34]} Rd7 {[%clk 0:01:35]} 39.Qg3
{[%clk 0:03:44]} Qg7 {[%clk 0:01:28]} 40.Qf3 {[%clk 0:33:07]}
Qh6 {[%clk 0:31:48]} 41.Rdg1 {[%clk 0:32:36]} Rg7 {[%clk 0:29:33]}
42.Rxg7+ {[%clk 0:26:15]} Bxg7 {[%clk 0:30:02]} 43.Ne7 {[%clk 0:25:30]}
Ra2+ {[%clk 0:23:59]} 44.Kh1 {[%clk 0:24:53]} Rc2 {[%clk 0:23:50]}
45.Ng6 {[%clk 0:24:23]} Nd7 {[%clk 0:23:37]} 46.Be3 {[%clk 0:22:20]}
Rxc3 {[%clk 0:23:08]} 47.Rg5 {[%clk 0:13:47]} Bf6 {[%clk 0:16:13]}
48.Rg3 {[%clk 0:13:59]} Qg7 {[%clk 0:08:07]} 49.Qc6 {[%clk 0:13:27]}
Bh4 {[%clk 0:02:56]} 50.Nxh4 {[%clk 0:09:40]} Qxg3 {[%clk 0:03:25]}
51.Qxd7+ {[%clk 0:10:01]} Kh6 {[%clk 0:03:18]} 52.Qxe6+ {[%clk 0:10:17]}
Kxh5 {[%clk 0:03:41]} 53.Qxf5+ {[%clk 0:10:42]} Kh6 {[%clk 0:03:45]}
54.Qf6+ {[%clk 0:10:59]} Kh7 55.Qxc3 Qxh3+ {[%clk 0:04:22]} 56.Kg1
{[%clk 0:11:43]} Qxh4 {[%clk 0:04:43]} 57.Qd3+ {[%clk 0:11:18]}
Kg7 {[%clk 0:04:44]} 58.Qe4 {[%clk 0:10:44]} Qe1+ {[%clk 0:04:38]}
59.Kh2 {[%clk 0:10:10]} Kf7 {[%clk 0:01:19]} 60.f5 {[%clk 0:07:34]}
Qe2+ {[%clk 0:01:31]} 61.Kh3 {[%clk 0:07:52]} Qf1+ {[%clk 0:01:27]}
62.Kg4 {[%clk 0:07:45]} Qe2+ {[%clk 0:00:57]} 63.Kg5 {[%clk 0:08:00]}
Qb2 {[%clk 0:00:59]} 64.Qe6+ {[%clk 0:08:20]} Kf8 {[%clk 0:00:58]}
65.Qf6+ {[%clk 0:08:23]} 1-0

[Event "Team men PL"]
[Site "Sochi"]
[Date "2020.11.28"]
[Round "9.12"]
[White "Golikov, Daniil"]
[Black "Pervakov, Sergey"]
[Result "1-0"]
[BlackElo "2067"]
[WhiteElo "2230"]
[LiveChessVersion "1.4.8"]

1.d4 {[%clk 1:30:57]} g6 {[%clk 1:30:52]} 2.c4 {[%clk 1:31:14]}
Bg7 {[%clk 1:31:18]} 3.Nc3 {[%clk 1:31:40]} d6 {[%clk 1:31:42]}
4.e4 {[%clk 1:32:05]} e5 {[%clk 1:32:07]} 5.d5 {[%clk 1:26:18]}
a5 {[%clk 1:30:35]} 6.Be2 {[%clk 1:23:59]} Na6 {[%clk 1:30:28]}
7.h4 {[%clk 1:20:32]} h6 {[%clk 1:27:02]} 8.h5 {[%clk 1:20:17]}
g5 {[%clk 1:27:22]} 9.g4 {[%clk 1:13:42]} Nf6 {[%clk 1:21:37]}
10.Nh3 {[%clk 1:12:38]} Bd7 {[%clk 1:19:32]} 11.f3 {[%clk 1:12:23]}
Qb8 {[%clk 1:19:37]} 12.Be3 {[%clk 1:11:23]} Nc5 {[%clk 1:17:23]}
13.Nf2 {[%clk 1:11:13]} Bf8 {[%clk 1:13:44]} 14.O-O {[%clk 1:05:50]}
Be7 {[%clk 1:12:11]} 15.Nh1 {[%clk 1:05:44]} O-O {[%clk 1:09:53]}
16.Ng3 {[%clk 1:05:15]} c6 {[%clk 1:04:12]} 17.Rb1 {[%clk 0:55:45]}
Bd8 {[%clk 0:51:31]} 18.Qd2 {[%clk 0:45:27]} cxd5 {[%clk 0:42:53]}
19.cxd5 {[%clk 0:45:56]} b5 {[%clk 0:40:43]} 20.b3 {[%clk 0:33:38]}
b4 {[%clk 0:38:31]} 21.Nd1 {[%clk 0:28:42]} Ne8 {[%clk 0:36:06]}
22.Nb2 {[%clk 0:28:00]} Nc7 {[%clk 0:27:01]} 23.Kg2 {[%clk 0:26:48]}
Nb5 {[%clk 0:21:30]} 24.Bxb5 {[%clk 0:27:08]} Qxb5 {[%clk 0:21:55]}
25.Rfc1 {[%clk 0:26:49]} Ra6 {[%clk 0:21:42]} 26.Bxc5 {[%clk 0:24:55]}
dxc5 {[%clk 0:22:06]} 27.Nd3 {[%clk 0:25:24]} Be7 {[%clk 0:20:33]}
28.Nxe5 {[%clk 0:25:47]} Bf6 {[%clk 0:13:54]} 29.Nxd7 {[%clk 0:24:37]}
Qxd7 {[%clk 0:11:28]} 30.Rxc5 {[%clk 0:25:06]} Bc3 {[%clk 0:11:08]}
31.Qd3 {[%clk 0:24:30]} Qa7 {[%clk 0:10:38]} 32.Nf5 {[%clk 0:23:05]}
a4 {[%clk 0:08:15]} 33.Rc7 {[%clk 0:19:06]} Qxc7 {[%clk 0:07:50]}
34.Qxa6 {[%clk 0:19:34]} Qf4 {[%clk 0:05:14]} 35.Qxh6 {[%clk 0:13:23]}
Qd2+ {[%clk 0:04:40]} 36.Kg1 {[%clk 0:13:14]} Re8 {[%clk 0:04:08]}
37.Rf1 {[%clk 0:13:42]} Qxa2 {[%clk 0:02:03]} 38.Qxg5+ {[%clk 0:13:05]}
Kh8 {[%clk 0:01:36]} 39.Qh6+ {[%clk 0:13:28]} Kg8 {[%clk 0:02:05]}
40.d6 {[%clk 0:43:50]} Qd2 {[%clk 0:30:43]} 41.Qxd2 {[%clk 0:43:54]}
Bxd2 {[%clk 0:31:12]} 42.bxa4 {[%clk 0:43:56]} 1-0

[Event "Team men PL"]
[Site "Sochi"]
[Date "2020.11.28"]
[Round "9.13"]
[White "Malakhov, Vladimir"]
[Black "Goryachkina, Aleksandra"]
[Result "1/2-1/2"]
[BlackElo "2592"]
[WhiteElo "2676"]
[LiveChessVersion "1.4.8"]

1.c4 {[%clk 1:30:41]} c6 {[%clk 1:30:36]} 2.Nf3 {[%clk 1:30:54]}
d5 {[%clk 1:30:54]} 3.g3 {[%clk 1:31:15]} Bg4 {[%clk 1:30:38]}
4.Bg2 {[%clk 1:30:20]} e6 {[%clk 1:30:23]} 5.d4 {[%clk 1:23:13]}
Nf6 {[%clk 1:29:01]} 6.O-O {[%clk 1:23:04]} Nbd7 {[%clk 1:26:37]}
7.h3 {[%clk 1:22:19]} Bh5 {[%clk 1:20:05]} 8.cxd5 {[%clk 1:21:03]}
exd5 {[%clk 1:20:23]} 9.Qb3 {[%clk 1:21:22]} Qb6 {[%clk 1:20:03]}
10.Qe3+ {[%clk 1:21:42]} Be7 {[%clk 1:20:20]} 11.Nh4 {[%clk 1:22:01]}
Bg6 {[%clk 1:16:37]} 12.Nc3 {[%clk 1:22:08]} Qd8 {[%clk 1:16:33]}
13.Nxg6 {[%clk 1:19:22]} hxg6 {[%clk 1:16:53]} 14.Qd3 {[%clk 1:19:50]}
O-O {[%clk 1:16:26]} 15.Bf4 {[%clk 1:20:07]} Nb6 {[%clk 1:14:10]}
16.b3 {[%clk 1:15:59]} Re8 {[%clk 1:11:30]} 17.Na4 {[%clk 1:03:33]}
Ne4 {[%clk 0:56:50]} 18.Nxb6 {[%clk 0:34:25]} axb6 {[%clk 0:52:39]}
19.Bxe4 {[%clk 0:34:49]} dxe4 {[%clk 0:53:01]} 20.Qxe4 {[%clk 0:35:16]}
Bf6 {[%clk 0:51:46]} 21.Be5 {[%clk 0:34:41]} Bxe5 {[%clk 0:51:14]}
22.dxe5 {[%clk 0:35:06]} Qg5 {[%clk 0:51:20]} 23.Qd4 {[%clk 0:22:16]}
b5 {[%clk 0:46:47]} 24.Qb6 {[%clk 0:19:40]} Re7 {[%clk 0:45:48]}
25.Rad1 {[%clk 0:19:56]} Qxe5 {[%clk 0:33:23]} 26.Rd2 {[%clk 0:20:11]}
Qc7 {[%clk 0:30:29]} 27.Qxc7 {[%clk 0:18:38]} Rxc7 {[%clk 0:30:57]}
28.Rfd1 {[%clk 0:19:02]} Kf8 {[%clk 0:26:29]} 29.Kg2 {[%clk 0:14:17]}
c5 {[%clk 0:24:06]} 30.Kf3 {[%clk 0:11:47]} Ke7 {[%clk 0:20:31]}
31.Ke4 {[%clk 0:11:23]} Ra6 {[%clk 0:19:03]} 32.f4 {[%clk 0:11:10]}
b4 {[%clk 0:16:44]} 33.e3 {[%clk 0:10:54]} b5 {[%clk 0:11:37]}
34.g4 {[%clk 0:10:39]} c4 {[%clk 0:07:44]} 35.Rd5 {[%clk 0:10:34]}
Rb6 {[%clk 0:06:15]} 36.Rc1 {[%clk 0:08:41]} f6 {[%clk 0:03:47]}
37.Rc2 {[%clk 0:06:32]} Rb8 {[%clk 0:02:08]} 38.h4 {[%clk 0:05:41]}
Kf7 {[%clk 0:01:20]} 39.Kf3 {[%clk 0:02:38]} Ke6 {[%clk 0:01:23]}
40.Ke4 {[%clk 0:32:29]} Kf7 {[%clk 0:31:42]} 41.Kf3 {[%clk 0:28:04]}
Ke6 {[%clk 0:27:14]} 1/2-1/2

[Event "Team men PL"]
[Site "Sochi"]
[Date "2020.11.28"]
[Round "9.14"]
[White "Kobalia, Mikhail"]
[Black "Esipenko, Andrey"]
[Result "1/2-1/2"]
[BlackElo "2683"]
[WhiteElo "2590"]
[LiveChessVersion "1.4.8"]

1.e4 {[%clk 1:30:51]} e5 {[%clk 1:30:47]} 2.Nf3 {[%clk 1:31:16]}
Nf6 {[%clk 1:31:05]} 3.d4 {[%clk 1:25:00]} Nxe4 {[%clk 1:31:21]}
4.Bd3 {[%clk 1:25:28]} d5 {[%clk 1:31:41]} 5.Nxe5 {[%clk 1:25:54]}
Nd7 {[%clk 1:32:02]} 6.Nxd7 {[%clk 1:25:59]} Bxd7 {[%clk 1:32:24]}
7.O-O {[%clk 1:26:25]} Bd6 {[%clk 1:32:28]} 8.Nc3 {[%clk 1:20:06]}
Nxc3 {[%clk 1:32:49]} 9.bxc3 {[%clk 1:20:33]} O-O {[%clk 1:33:05]}
10.Qh5 {[%clk 1:20:41]} f5 {[%clk 1:33:28]} 11.Re1 {[%clk 1:19:00]}
c6 {[%clk 1:24:22]} 12.Bg5 {[%clk 1:18:56]} Qc7 {[%clk 1:23:50]}
13.Re3 {[%clk 1:19:01]} g6 {[%clk 1:15:10]} 14.Qh4 {[%clk 1:07:50]}
Rae8 {[%clk 1:07:58]} 15.Rae1 {[%clk 0:52:38]} Rxe3 {[%clk 1:00:21]}
16.Rxe3 {[%clk 0:52:56]} b5 {[%clk 0:49:51]} 17.Be7 {[%clk 0:50:01]}
Re8 {[%clk 0:49:05]} 18.g3 {[%clk 0:44:33]} Qb8 {[%clk 0:48:07]}
19.Kg2 {[%clk 0:40:26]} Rxe7 {[%clk 0:41:15]} 20.Rxe7 {[%clk 0:40:47]}
Bxe7 {[%clk 0:41:42]} 21.Qxe7 {[%clk 0:41:10]} Qe8 {[%clk 0:42:06]}
22.Qf6 {[%clk 0:34:27]} a5 {[%clk 0:26:27]} 23.h4 {[%clk 0:33:09]}
Qf8 {[%clk 0:23:10]} 24.Qe5 {[%clk 0:29:56]} a4 {[%clk 0:23:07]}
25.Kf3 {[%clk 0:26:04]} Kf7 {[%clk 0:23:15]} 26.Qc7 {[%clk 0:24:02]}
Ke6 {[%clk 0:22:38]} 27.Qf4 {[%clk 0:22:56]} h5 {[%clk 0:21:18]}
28.Qe5+ {[%clk 0:15:50]} Kf7 {[%clk 0:21:40]} 29.Qc7 {[%clk 0:14:17]}
Ke6 {[%clk 0:21:52]} 30.Qf4 {[%clk 0:07:14]} Qa3 {[%clk 0:18:39]}
31.Qh6 {[%clk 0:07:04]} Be8 {[%clk 0:18:40]} 32.Qh8 {[%clk 0:06:09]}
Kd7 {[%clk 0:18:28]} 33.Qg7+ {[%clk 0:06:28]} Ke6 {[%clk 0:18:39]}
34.Qh8 {[%clk 0:05:31]} Kd7 {[%clk 0:18:55]} 35.Qg7+ {[%clk 0:04:58]}
Ke6 {[%clk 0:19:21]} 36.Qh8 {[%clk 0:05:25]} Kd7 {[%clk 0:19:47]}
37.Qg7+ {[%clk 0:05:53]} Ke6 {[%clk 0:20:13]} 38.Qh8 {[%clk 0:06:20]}
Kd7 {[%clk 0:20:41]} 39.Qg7+ {[%clk 0:06:47]} Ke6 {[%clk 0:21:07]}
40.Qh8 {[%clk 0:37:14]} 1/2-1/2